000 003540000a22001450004500
020 _a84-8280-154-6
041 0 _aSPA
082 0 4 _aG 863.22 M763a
245 1 0 _aAmadís de Gaula / R. Tenreiro, Editor
260 _aBogotá : Oveja Negra
300 _a158 Pag
440 0 _aColección Historia Universal de la Literatura
001 13335
942 _cBK
999 _c42316
_d42316